Complete the Movie Title #9 - Statistics

General Stats
  • This quiz has been taken 87 times
  • The average score is 12 of 15
Answer Stats
Year Movie % Correct
1991 Beauty and the {Beast}
98%
1971 Willy Wonka & the Chocolate {Factory}
95%
1979 Apocalypse {Now}
88%
1989 Dead Poets {Society}
85%
2012 Pitch {Perfect}
84%
2014 The Maze {Runner}
83%
2010 The Social {Network}
81%
2018 Crazy Rich {Asians}
78%
1998 The Parent {Trap}
78%
2015 Mad Max: Fury {Road}
74%
2016 Manchester by the {Sea}
74%
2016 Doctor {Strange}
70%
2016 10 Cloverfield {Lane}
58%
2022 Don’t Worry {Darling}
58%
1999 Being John {Malkovich}
55%
No matching quizzes found
Score Distribution
Percent of People with Each Score
Percentile by Number Answered
Your Score History
You have not taken this quiz